UBT Library

Sexual behavior and pregnancy prevention / (Record no. 40702)

000 -LEADER
fixed length control field 00945pam a2200229 a 4500
001 - CONTROL NUMBER
control field 4397423
005 - DATE AND TIME OF LATEST TRANSACTION
control field 20180123033414.0
008 - FIXED-LENGTH DATA ELEMENTS--GENERAL INFORMATION
fixed length control field 921019s1994 mnua 001 0 eng
010 ## - LIBRARY OF CONGRESS CONTROL NUMBER
LC control number 92039463
020 ## - INTERNATIONAL STANDARD BOOK NUMBER
International Standard Book Number 0314016856
040 ## - CATALOGING SOURCE
Original cataloging agency DLC
Transcribing agency DLC
Modifying agency DLC
041 ## - LANGUAGE CODE
Language code of text/sound track or separate title eng
043 ## - GEOGRAPHIC AREA CODE
Geographic area code n-us---
080 ## - UNIVERSAL DECIMAL CLASSIFICATION NUMBER
Universal Decimal Classification number 613.907 SIZ
082 00 - DEWEY DECIMAL CLASSIFICATION NUMBER
Classification number 613.907 SIZ
Edition number 20
100 1# - Rafti
Rafti 10
101 ## - Shkurtesa
Shkurtesa GJIN
245 10 - TITLE STATEMENT
Title Sexual behavior and pregnancy prevention /
Statement of responsibility, etc Frances Sienkiewicz Sizer, Eleanor Noss Whitney, Linda Kelly DeBruyne ; with Caroline Ann Sizer ; contributing authors, Pat Amzler, Rhonda Helgerson.
906 ## - LOCAL DATA ELEMENT F, LDF (RLIN)
a 7
b cbc
c orignew
d 1
e ocip
f 19
g y-gencatlg
942 ## - ADDED ENTRY ELEMENTS (KOHA)
Source of classification or shelving scheme
Item type Books
Holdings
Withdrawn status Lost status Source of classification or shelving scheme Damaged status Not for loan Collection code Permanent location Current location Shelving location Date acquired Total Checkouts Full call number Barcode Date last seen Price effective from Koha item type
          Koleksioni i përgjithshem UBT - Lipjan UBT - Lipjan Koleksioni i përgjithshem 01/23/2018   613.907 SIZ 002-2996096 01/23/2018 01/23/2018 Books
UBT Library © 2015-2024. All rights reserved University Education for Business and Technology